POPLARS and willows in Yugoslavia
| Format: | Book |
|---|---|
| Published: |
Novi Sad, Yugoslavia :
Poplar Research Institute ,
1986
|
| Subjects: |
MARC
| LEADER | 00000cam a2200000 7i4500 | ||
|---|---|---|---|
| 001 | 0000002828 | ||
| 005 | 20040120.0 | ||
| 090 | 0 | 0 | |a 634.972309497 |b POP 1986 |
| 245 | 0 | 0 | |a POPLARS and willows in Yugoslavia |
| 260 | 0 | 0 | |a Novi Sad, Yugoslavia : |b Poplar Research Institute , |c 1986 |
| 300 | |a 295 p. : |b ill. ; |c 24 cm. | ||
| 500 | 0 | 0 | |a Bibliography : p. 275-295 |
| 650 | 0 | 0 | |a Poplar |z Yugoslavia |
| 998 | |a JPSM | ||
| 999 | |a 0000004121 |b Monograph |c Open Shelf |e Default branch | ||